[Event "II Maremma Open"]
[Site "Grosseto ITA"]
[Date "2013.05.11"]
[Round "5"]
[White "Garcia Palermo,C"]
[Black "Lagumina,G"]
[Result "1/2-1/2"]
[WhiteElo "2465"]
[BlackElo "2311"]

1.Nf3 d5 2.c4 e6 3.g3 Nf6 4.Bg2 dxc4 5.Qa4+ Nbd7 6.Qxc4 c5 7.d3 a6 8.Qb3 Bd6
9.Nbd2 Rb8 10.a4 b5 11.axb5 axb5 12.Ng5 Bb7 13.Nde4 Nxe4 14.Nxe4 O-O 15.O-O Bd5
16.Qc2 Be7 17.Be3 c4 18.dxc4 bxc4 19.Rfd1 Qc8 20.Nc3 Bxg2 21.Kxg2 Nf6 22.f3 Rd8
23.Rxd8+ Bxd8 24.Bd4 Bb6 25.Bxf6 gxf6 26.Qe4 Qc5 27.Qf4 Bc7 28.Qxf6 Rxb2
29.Ra8+ Rb8 30.Rxb8+ Bxb8 31.Qd8+ Qf8 32.Qd4 Qc8 33.Ne4 e5 34.Qd2 f5 35.Qg5+ Kh8
36.Qf6+ Kg8 37.Qg5+ Kh8 38.Qf6+ Kg8 39.Ng5 Qd7 40.Qa6 h6 41.Qxc4+ Kg7 42.Ne6+ Kf6
43.Nc5 Qd6 44.Nd3 Ba7 45.Nb4 Qc5 46.Qxc5 Bxc5 47.Nd3 Bd4 48.e4 fxe4 49.fxe4 Kg5
50.Ne1 Kg6 51.Nf3 Bc3 52.Kf1 Kf6 53.Ke2 Ke6 54.Kd3 Ba5 55.Nh4 Kf6 56.Kc4 h5
57.Kd5 Bc3 58.Nf3 Bb2 59.Kd6 Bc3 60.Kd7 Bb2 61.Kd6 Bc3 62.Kd5 Bb2 63.h3 Bc3
64.Kc4 Bb2 65.Kd3 Bc1 66.Ke2 Bb2 67.Kf2 Bc1 68.Kg2 Be3 69.h4 Bc1 70.Kg1 Be3+
71.Kf1 Bc5 72.Ke2 Bb6 73.Kf1 Bc5 74.Kg2 Be3 75.Kh1 Bc5 76.Kh2 Be3 77.Kh3 Bc1
78.g4 hxg4+ 79.Kxg4 Be3 80.Kh5 Bc1 81.Nh2 Bf4 82.Ng4+ Kg7 83.Nf2 Kf6 84.Nd3 Bd2
85.Kg4 Bc3 86.Nf2 Bd4 87.Nh1 Be3 88.Ng3 Bc1 89.Nf5 Bd2 90.Nd6 Bc1 91.Nb5 Bd2
92.Nc7 Bc1 93.Nd5+ Ke6 94.Kf3 Bd2 95.Ne3 Bc1 96.Ng4 Bf4 97.Ke2 Kf7 98.h5 Ke6
99.Kd3 Bg5 100.Kc4 Bf4 101.Kc5 Bg5 102.Kc6 Bf4 103.Kc7 Ke7 104.Kc8 Bg3 105.Nh6 Bf4
106.Nf5+ Ke8 107.h6 Bg5 108.h7 Bf6 109.Kc7 Kf7 110.Kd7 Bh8 111.Ne3 Kg6 112.Ke6 Kxh7
113.Kf7 Kh6 114.Nd5 Kg5 115.Ke6 Kg6 116.Ne7+ Kg5 117.Nf5 Kf4 118.Nd6 Bg7
119.Kf7 Bh6 120.Nc4 Kxe4 121.Nxe5 Kd4  1/2-1/2

[Event "Victory Day Open 2013"]
[Site "Moscow RUS"]
[Date "2013.05.11"]
[Round "5.1"]
[White "Dvalishvili,P"]
[Black "Babikov,I"]
[Result "0-1"]
[WhiteElo "2429"]
[BlackElo "2290"]

1.Nf3 d5 2.c4 c6 3.Qc2 g6 4.b3 Bg7 5.Bb2 Nf6 6.d3 O-O 7.Nbd2 Na6 8.a3 b5
9.e3 bxc4 10.bxc4 Bf5 11.Be2 Rb8 12.Be5 Rc8 13.O-O Nc5 14.Nd4 dxc4 15.Nxf5 cxd3
16.Qxc5 gxf5 17.Bxd3 Qxd3 18.Qc1 Rfd8 19.Nc4 Ne4 20.Ra2 Rd5 21.Bxg7 Kxg7
22.Rc2 Rcd8 23.Qb2+ f6 24.h3 Rb5 25.Qc1 Rc5 26.Re1 Rdd5 27.f3 Nd6 28.e4 fxe4
29.fxe4 Rg5 30.Ne3 Nxe4 31.Rxc5 Rxc5 32.Qb2 Rb5 33.Qc1 Nc3  0-1

[Event "SCT Seniors 2013"]
[Site "Stockholm SWE"]
[Date "2013.05.11"]
[Round "7.3"]
[White "Kivipelto,KE"]
[Black "Kupreichik,V"]
[Result "0-1"]
[WhiteElo "2177"]
[BlackElo "2443"]

1.Nf3 d5 2.c4 d4 3.g3 Nc6 4.Bg2 e5 5.d3 Bb4+ 6.Bd2 a5 7.O-O Nf6 8.Na3 O-O
9.Nc2 Bc5 10.Bg5 h6 11.Bxf6 Qxf6 12.Nd2 Qe7 13.a3 a4 14.b4 axb3 15.Nxb3 Bd6
16.e3 dxe3 17.fxe3 Bd7 18.d4 Qg5 19.c5 Be7 20.d5 Na5 21.Nxa5 Rxa5 22.d6 cxd6
23.cxd6 Bf6 24.Qe1 e4 25.h4 Qc5 26.Rxf6 gxf6 27.Bxe4 Re8 28.Bd3 Qxd6  0-1

[Event "II Maremma Open"]
[Site "Grosseto ITA"]
[Date "2013.05.12"]
[Round "6"]
[White "Fierro Baquero,M"]
[Black "Lazic,Mir"]
[Result "1-0"]
[WhiteElo "2362"]
[BlackElo "2476"]

1.Nf3 d5 2.c4 e6 3.b3 Nf6 4.g3 Be7 5.Bg2 O-O 6.O-O b6 7.Bb2 Bb7 8.e3 Nbd7
9.Nc3 dxc4 10.bxc4 Nc5 11.d4 Nce4 12.Ne5 Nxc3 13.Bxc3 Bxg2 14.Kxg2 Qe8 15.Qf3 c5
16.a4 cxd4 17.Bxd4 Rc8 18.a5 Bc5 19.Qb7 Qd8 20.Rfd1 Rc7 21.Qf3 Bxd4 22.exd4 Nd7
23.axb6 axb6 24.Nc6 Qf6 25.Qe4 Rfc8 26.d5 Nc5 27.Qe3  1-0

[Event "VIII American Continental 2013"]
[Site "Cochabamba BOL"]
[Date "2013.05.14"]
[Round "10.7"]
[White "Cori T.,D"]
[Black "Prasca Sosa,R"]
[Result "1-0"]
[WhiteElo "2430"]
[BlackElo "2426"]

1.Nf3 d5 2.c4 c6 3.Qc2 Nf6 4.e3 g6 5.Nc3 Bg7 6.d4 O-O 7.Bd3 dxc4 8.Bxc4 b5
9.Bd3 a5 10.O-O Ba6 11.e4 Ne8 12.Rd1 Qc8 13.Be3 Nd6 14.Rac1 Nd7 15.e5 Nc4
16.Qe2 Ndb6 17.b3 Nxe3 18.fxe3 b4 19.Na4 Bxd3 20.Qxd3 Nd5 21.Kh1 Bh6 22.Re1 f6
23.Nc5 Qg4 24.h3 Qc8 25.e6 Qc7 26.Rc2 Qd6 27.Rf2 Nc3 28.Nd2 f5 29.Nc4 Qg3
30.Ref1 Rad8 31.Rf3 Qc7 32.Nd7 Rfe8 33.Nce5 Kg7 34.Qc4 Qd6 35.Nf7 Qd5 36.Qxd5 cxd5
37.Nxd8 Rxd8 38.Nc5 Rc8 39.g4 Ne4 40.Rc1 fxg4 41.hxg4 Kg8 42.Kg2 Rc6 43.Rh3 Bg7
44.Rch1 Nc3 45.g5 Be5 46.Na4 Bb8 47.Rc1 h6 48.gxh6 Rc8 49.Nxc3 bxc3 50.Rc2 Bd6  1-0

[Event "VIII American Continental 2013"]
[Site "Cochabamba BOL"]
[Date "2013.05.14"]
[Round "10.10"]
[White "Aguilar,A"]
[Black "Cubas,Jo"]
[Result "1-0"]
[WhiteElo "2233"]
[BlackElo "2550"]

1.Nf3 d5 2.c4 c6 3.e3 g6 4.d4 Bg7 5.Nc3 Nf6 6.Be2 O-O 7.O-O Ne4 8.Qb3 dxc4
9.Qxc4 Nd6 10.Qa4 Nd7 11.e4 c5 12.Be3 Nb6 13.Qb3 cxd4 14.Nxd4 Bd7 15.Rfd1 Rc8
16.Ndb5 Nbc4 17.Nxd6 Nxe3 18.Nxc8 Nxd1 19.Nxe7+ Qxe7 20.Rxd1 Be6 21.Bc4 Bg4
22.Re1 Bd4 23.h3 Qh4 24.Rf1 Bc8 25.Bd5 Kg7 26.Ne2 Bb6 27.Qc3+ Kh6 28.Qg3 Qe7
29.Qf4+ g5 30.Qd2 f5 31.exf5 Rxf5 32.Ng3 Rf4 33.Qe2 Qf6 34.Qh5+ Kg7 35.Qe2 Kh6
36.Qh5+ Kg7 37.Qe8 Kh6 38.Qh5+ Kg7 39.Qe8 Kh6 40.Qe2 g4 41.Qd2 Kg5 42.Ne2 g3
43.Nxg3 Kh4 44.Ne4 Rf5 45.Kh2 Bc7+ 46.f4  1-0

[Event "VIII American Continental 2013"]
[Site "Cochabamba BOL"]
[Date "2013.05.14"]
[Round "10.6"]
[White "Lenderman,A"]
[Black "Cori,J"]
[Result "0-1"]
[WhiteElo "2585"]
[BlackElo "2546"]

1.Nf3 d5 2.c4 c6 3.b3 Bg4 4.Bb2 Nd7 5.g3 Bxf3 6.exf3 Ngf6 7.f4 dxc4 8.bxc4 e6
9.Bg2 Nc5 10.O-O Nd3 11.Qb3 Qb6 12.Qxd3 Qxb2 13.Nc3 Rd8 14.Rab1 Rxd3 15.Rxb2 Bc5
16.Na4 Bd4 17.Bxc6+ bxc6 18.Rb8+ Ke7 19.Rxh8 Rxd2 20.Rb1 Ng4 21.Rb7+ Kf6
22.Rf8 Bxf2+ 23.Kh1 Bd4 24.Rfxf7+ Kg6 25.Rxg7+ Bxg7 26.h3 Rh2+ 27.Kg1 Bd4+
28.Kf1 Ne3+ 29.Ke1 Rxa2  0-1

[Event "VIII American Continental 2013"]
[Site "Cochabamba BOL"]
[Date "2013.05.15"]
[Round "11.33"]
[White "Acosta,M USA"]
[Black "Coro,R"]
[Result "1-0"]
[WhiteElo "1958"]
[BlackElo "1922"]

1.Nf3 d5 2.c4 c6 3.g3 Bg4 4.Bg2 Bxf3 5.Bxf3 e6 6.cxd5 exd5 7.O-O Bd6 8.Qb3 Qb6
9.Qc3 Nf6 10.d4 O-O 11.Bg5 Nbd7 12.Nd2 Rfe8 13.a3 h6 14.Bxf6 Nxf6 15.e3 h5
16.h4 Qc7 17.Kg2 a5 18.Rfc1 Re7 19.Re1 Rae8 20.b4 axb4 21.axb4 Qb6 22.Reb1  1-0

[Event "VIII American Continental 2013"]
[Site "Cochabamba BOL"]
[Date "2013.05.15"]
[Round "11.12"]
[White "Perez Garcia,Rodn"]
[Black "Mendoza,Ro"]
[Result "1-0"]
[WhiteElo "2381"]
[BlackElo "2148"]

1.Nf3 d5 2.c4 c6 3.e3 Nf6 4.Nc3 e6 5.Qc2 Bd6 6.b3 Nbd7 7.Bb2 O-O 8.Be2 Re8
9.d4 Qe7 10.O-O b6 11.Rad1 Bb7 12.Rfe1 Bb4 13.Nd2 Rac8 14.e4 dxe4 15.Ndxe4 c5
16.Bf3 cxd4 17.Rxd4 Nxe4 18.Bxe4 Nf6 19.Bxb7 Qxb7 20.Red1 Be7 21.Nb5 Red8
22.Nd6 Bxd6 23.Rxd6 Rxd6 24.Rxd6 Qe7 25.Qd3 Ne4 26.Rd7 Qe8 27.h3 a6 28.Ra7 Qc6
29.Qd4 f6 30.f3  1-0

[Event "Geneva WGP 2013"]
[Site "Geneva SUI"]
[Date "2013.05.15"]
[Round "11.5"]
[White "Lagno,Kateryna"]
[Black "Batchimeg,Tuvshintugs"]
[Result "1/2-1/2"]
[WhiteElo "2548"]
[BlackElo "2298"]

1.Nf3 d5 2.c4 e6 3.g3 Nf6 4.Bg2 Be7 5.O-O O-O 6.d4 dxc4 7.Qc2 a6 8.a4 Bd7
9.Qxc4 Bc6 10.Bg5 Bd5 11.Qc1 Nc6 12.e3 h6 13.Bxf6 Bxf6 14.Nbd2 Nb4 15.a5 b6
16.Qc3 Be7 17.e4 Bb7 18.Ne5 c5 19.dxc5 bxc5 20.Nb3 Qc7 21.Nc4 Rad8 22.Rad1 Rxd1
23.Rxd1 Rd8 24.Rd2 Rxd2 25.Qxd2 Bc6 26.Nb6 Ba4 27.Nc1 Bb5 28.Ne2 Bf6 29.Nc3 Bd4
30.b3 Nc6 31.Nxb5 axb5 32.Qd3 Qa7 33.e5 Qxa5 34.Bxc6 Qxb6 35.Qxb5 Qxb5 36.Bxb5 Bxe5
37.f4 Bd4+ 38.Kg2 f5 39.Bd7 Kf7 40.Kf3 Kf6 41.h3 g5 42.Bc8 e5 43.fxe5+ Bxe5
44.g4 f4 45.Ba6 Bd4 46.Ke4 Be3 47.Bc4 Bg1 48.Bd5 Be3 49.Bc4 Bg1 50.Bd5 Be3  1/2-1/2

[Event "Open Hradec Kralove 2013"]
[Site "Hradec Kralove CZE"]
[Date "2013.05.17"]
[Round "4"]
[White "Svec,L"]
[Black "Navratilova,A"]
[Result "1-0"]
[WhiteElo "1795"]
[BlackElo "1702"]

1.Nf3 d5 2.c4 Nf6 3.g3 g6 4.Bg2 Bg7 5.O-O O-O 6.d4 c6 7.Ne5 dxc4 8.Na3 Ng4
9.Naxc4 Nxe5 10.Nxe5 c5 11.e3 cxd4 12.exd4 Nd7 13.Nxd7 Qxd7 14.Be3 Rd8 15.Qb3 Bxd4
16.Bxd4 Qxd4 17.Rad1 Be6 18.Rxd4 Bxb3 19.Rxd8+ Rxd8 20.axb3 b6 21.Be4 Rd2
22.Rb1 e6 23.Kf1 Rd4 24.Bf3 Rd3 25.Bd1 a5 26.Ke2 Rd6 27.Rc1 g5 28.Ke3 h6
29.Bf3 Rd8 30.Rc7 f5 31.Rc6 Kf7 32.Rxb6  1-0

[Event "Portuguese Team Cup 2012-13"]
[Site "Vila Nova de Famalicao POR"]
[Date "2013.05.18"]
[Round "1.1"]
[White "Pereira,Rub"]
[Black "Pires,G"]
[Result "1-0"]
[WhiteElo "2413"]
[BlackElo "2143"]

1.Nf3 d5 2.c4 c6 3.g3 Nf6 4.Bg2 g6 5.O-O Bg7 6.d4 O-O 7.Nc3 Ne4 8.Qb3 dxc4
9.Qxc4 Be6 10.Qd3 Nd6 11.Bf4 Na6 12.Rfd1 Bf5 13.e4 Bg4 14.h3 Bxf3 15.Qxf3 Qb6
16.Na4 Qb4 17.b3 Nb5 18.a3 Qa5 19.e5 Nbc7 20.Nc3 Ne6 21.b4 Qc7 22.Be3 f6
23.exf6 Bxf6 24.Qg4 Qc8 25.Rac1 Ng7 26.b5 Nc7 27.bxc6 bxc6 28.Bxc6 Qa6 29.Bxa8 Rxa8
30.Ne4 Nd5 31.Qd7 Nxe3 32.Nxf6+ Qxf6 33.fxe3 Qg5 34.Rc8+ Rxc8 35.Qxc8+ Kf7
36.Qc4+ e6 37.Qc7+ Ke8 38.Qe5 Nf5 39.Rb1  1-0

[Event "Gligoric Cup 2013"]
[Site "Banja Koviljaca SRB"]
[Date "2013.05.20"]
[Round "1.6"]
[White "Todorovic,GN"]
[Black "Simic,G1"]
[Result "1/2-1/2"]
[WhiteElo "2389"]
[BlackElo "2109"]

1.Nf3 d5 2.c4 e6 3.d4 Nf6 4.Nc3 Be7 5.Bg5 O-O 6.e3 b6 7.Rc1 Bb7 8.Be2 Nbd7
9.cxd5 exd5 10.O-O h6 11.Bh4 c5 12.Qc2 Ne4 13.Bxe7 Qxe7 14.dxc5 Ndxc5 15.Rfd1 Rfd8
16.b4 Nxc3 17.Qxc3 Ne4 18.Qb2 Rac8 19.Nd4 Rxc1 20.Rxc1 Rc8 21.Rxc8+ Bxc8
22.Bd3 Bd7 23.Bxe4 dxe4 24.h3 Qd6 25.a3 Qc7 26.Qb1 Qc3 27.Qxe4 Qxa3 28.Qe7 Qa4
29.Qd6 a5 30.Qxb6 axb4 31.Kh2 Kh7 32.f4 Qa3 33.Nc2 Qb2 34.Nxb4 Bc6 35.Qxc6 Qxb4
36.Qe8 f6 37.Qe6 Qd2 38.Qe4+ Kh8 39.Qa8+ Kh7 40.Qf3 f5 41.e4 fxe4 42.Qxe4+ Kh8
43.Kg3 Qc3+ 44.Kg4 Qd2 45.Kh5 Qd7 46.Qg6 Qd1+ 47.g4 Qf3 48.Qf5 Qxh3+ 49.Kg6 Qb3
50.Qf8+ Qg8 51.Qxg8+ Kxg8 52.f5 Kf8 53.f6 gxf6 54.Kxf6 h5 55.gxh5 Kg8  1/2-1/2

[Event "4th Hainan Danzhou GM"]
[Site "Danzhou CHN"]
[Date "2013.05.20"]
[Round "1.2"]
[White "Xiu Deshun"]
[Black "Ni Hua"]
[Result "0-1"]
[WhiteElo "2534"]
[BlackElo "2646"]

1.Nf3 d5 2.c4 c6 3.e3 Nf6 4.Nc3 a6 5.d4 b5 6.b3 Bg4 7.Bd2 Nbd7 8.h3 Bxf3
9.Qxf3 b4 10.Na4 e5 11.Qd1 exd4 12.exd4 Ne4 13.Bd3 Nxd2 14.Qxd2 dxc4 15.Bxc4 Be7
16.O-O O-O 17.Rfe1 Bd6 18.Qc2 Qf6 19.Qe4 a5 20.Re3 Qf4 21.Qxf4 Bxf4 22.Rf3 Bg5
23.Rd1 Bf6 24.g4 h6 25.Rf5 g6 26.Rf3 Kg7 27.Bf1 Rab8 28.d5 c5 29.Re3 Rfd8
30.Bc4 Bd4 31.Re7 Kf6 32.Rde1 Ne5 33.R7xe5 Bxe5 34.Nxc5 Bd4 35.Ne4+ Kg7 36.Nc5 Kf6
37.Ne4+ Kg7 38.Rd1 Be5 39.Kg2 Bd4 40.Kg1 Be5 41.Kg2 Rbc8 42.Kf3 f5 43.gxf5 gxf5
44.Rg1+ Kf7 45.Ng3 Bxg3 46.fxg3 Kf6 47.g4 fxg4+ 48.Rxg4 h5 49.Rf4+ Ke5 50.Ke3 Re8
51.Rf7 Rc7 52.Rf4 Rce7 53.Rh4 Kf6+ 54.Kf3 Re3+ 55.Kf2 R3e4 56.Kg3 Rxh4 57.Kxh4 Re4+
58.Kxh5 Rxc4 59.bxc4 a4  0-1

[Event "Asian Continental w 2013"]
[Site "Manila PHI"]
[Date "2013.05.23"]
[Round "6.3"]
[White "Tan Zhongyi"]
[Black "Muminova,N"]
[Result "1-0"]
[WhiteElo "2483"]
[BlackElo "2307"]

1.Nf3 d5 2.c4 e6 3.g3 Nf6 4.Bg2 a6 5.b3 d4 6.O-O c5 7.d3 Nc6 8.e3 Be7 9.exd4 cxd4
10.Re1 O-O 11.Bb2 Re8 12.Nbd2 Bf8 13.a3 e5 14.b4 Bd6 15.Ng5 h6 16.Nge4 Nxe4
17.Bxe4 Be6 18.Qf3 Qd7 19.c5 Bc7 20.Nc4 Bg4 21.Qg2 Bh3 22.Qf3 Bg4 23.Qg2 Bh3
24.Qf3 Bg4 25.Qh1 Rad8 26.Rac1 Re7 27.Nb6 Bxb6 28.cxb6 Rde8 29.Rxc6 bxc6
30.Bxc6 Qf5 31.h3 Qxd3 32.hxg4 Qd2 33.Rf1 Rd8 34.Bc1 Qc3 35.Be4 d3 36.Qf3 Red7
37.Rd1 Rd4 38.Be3 R4d7 39.b7 Qxa3 40.Bb6 Rb8 41.Qf5 Rdxb7 42.Qh7+ Kf8 43.Bc5+ Ke8
44.Qg8+  1-0

[Event "22nd TCh-CRO Cup 2013"]
[Site "Bol na Bracu CRO"]
[Date "2013.05.24"]
[Round "4.111"]
[White "Novak,I2"]
[Black "Juranic,B"]
[Result "0-1"]
[WhiteElo "2161"]
[BlackElo "2184"]

1.Nf3 d5 2.c4 d4 3.d3 Nc6 4.g3 e5 5.Bg2 Nf6 6.O-O Bd6 7.a3 a5 8.Bg5 h6 9.Bxf6 Qxf6
10.Nbd2 O-O 11.Qc2 Qe7 12.e3 dxe3 13.fxe3 Bc5 14.Rfe1 Bf5 15.Rad1 Rad8 16.Nb3 Rd7
17.Qc3 e4 18.Nxc5 Qxc5 19.d4 Qe7 20.Nd2 Bg4 21.Rb1 f5 22.b4 axb4 23.axb4 Rfd8
24.Rb2 Nxd4 25.exd4 Rxd4 26.Bf1 Qg5 27.c5 Rxd2 28.Rxd2 Qxd2 29.Re3 Qxc3 30.Rxc3 Rd1
31.Kf2 Rd2+ 32.Ke3 Rxh2 33.Ra3 Rb2 34.b5 Rc2 35.Kd4 Be2 36.Bh3 Rc4+ 37.Kd5 g6
38.Ra8+ Kf7 39.Rc8 c6+ 40.bxc6 bxc6+ 41.Rxc6 Rc3 42.Ke5 Rxg3 43.Rc7+ Ke8
44.Bxf5 gxf5 45.Kxf5 Bd3 46.Kf6 Kd8 47.Ra7 e3 48.Ke5 e2 49.Ra1 Rf3 50.Kd6 Rf6+
51.Kd5 Rf1  0-1

[Event "Chess Ladies Vienna"]
[Site "Vienna AUT"]
[Date "2013.05.24"]
[Round "7.3"]
[White "Kostiuk,T"]
[Black "Exler,V"]
[Result "1-0"]
[WhiteElo "2321"]
[BlackElo "2095"]

1.Nf3 d5 2.c4 c6 3.g3 g6 4.Bg2 Bg7 5.O-O Nf6 6.d4 O-O 7.Bf4 Qb6 8.b3 Ne4
9.Nbd2 Bf5 10.Nxe4 Bxe4 11.c5 Qd8 12.Bh3 h6 13.Qd2 g5 14.Be5 f6 15.Bxb8 Rxb8
16.Be6+ Kh8 17.Ne1 Bh7 18.Bh3 e5 19.Rd1 exd4 20.Qxd4 f5 21.Qd2 Qe7 22.Nd3 Rbe8
23.e3 Rf6 24.b4 Rd8 25.Nc1 h5 26.Nb3 Qf7 27.f4 g4 28.Bg2 Qe7 29.Rfe1 Re8
30.Nd4 a6 31.Rc1 Rf7 32.Kf2 Qc7 33.a4 Rfe7 34.Qd3 Qd7 35.Rc3 Kg8 36.Qd2 Rb8
37.Rec1 Bg6 38.Rb3 Qe8 39.b5 axb5 40.axb5 Ra8 41.bxc6 bxc6 42.Nxc6  1-0

[Event "Chicago Open 2013"]
[Site "Wheeling USA"]
[Date "2013.05.24"]
[Round "3.18"]
[White "Gurevich,D"]
[Black "Aaron,D"]
[Result "1-0"]
[WhiteElo "2492"]
[BlackElo "2257"]

1.Nf3 d5 2.c4 c6 3.e3 Nf6 4.Nc3 Nbd7 5.Qc2 e6 6.b3 Be7 7.d4 b6 8.Be2 Bb7
9.O-O O-O 10.Bb2 Rc8 11.Rad1 Qc7 12.Ne5 b5 13.Nxd7 Qxd7 14.c5 Bd8 15.b4 a5
16.a3 Ne8 17.Nb1 f5 18.Nd2 a4 19.Nf3 Bc7 20.Ne5 Qe7 21.Bd3 Nf6 22.f3 g6 23.h3 Qg7
24.Rd2 Nd7 25.f4 Nf6 26.g4 Ne4 27.Rg2 Qh6 28.Rf3 Bxe5 29.dxe5 Kf7 30.gxf5 gxf5
31.Bxe4 fxe4 32.Rfg3 Ke7 33.Rg7+ Rf7 34.f5 Qxe3+ 35.Qf2 Qxf2+ 36.Kxf2 Rf8
37.f6+ Ke8 38.Rxf7 Rxf7 39.Bc1 Bc8 40.Bh6 Kd7 41.Ke3 Kd8 42.Rg8+ Kd7 43.h4 Bb7
44.h5 Bc8 45.Kd4 Bb7 46.Bg7  1-0

[Event "TCh-POL Ekstraliga 2013"]
[Site "Wroclaw POL"]
[Date "2013.05.26"]
[Round "3"]
[White "Swiercz,D"]
[Black "Urban,K"]
[Result "1-0"]
[WhiteElo "2631"]
[BlackElo "2465"]

1.Nf3 d5 2.c4 e6 3.g3 dxc4 4.Qa4+ Nd7 5.Qxc4 c5 6.Bg2 a6 7.Qc2 Ngf6 8.Nc3 Bd6
9.O-O O-O 10.d4 h6 11.dxc5 Nxc5 12.Be3 Ng4 13.Bd4 Nd7 14.Ne4 Be7 15.Rfd1 Qa5
16.Bc3 Qc7 17.Rac1 Rd8 18.Qa4 Nb6 19.Qb3 Rxd1+ 20.Qxd1 Qd7 21.h3 Qxd1+ 22.Rxd1 Nf6
23.Nxf6+ gxf6 24.b3 Nd5 25.Bd2 Kg7 26.Nd4 Nc7 27.Ba5 Ne8 28.Nc2 Rb8 29.Bb6 f5
30.Ne3 Nf6 31.Bc7 Ra8 32.Nc4 Nd7 33.a4 Kf8 34.a5 Bc5 35.Nd6 Ke7 36.e3 f6
37.Nc4 e5 38.Nd6 Bxd6 39.Bxd6+ Ke8 40.Rc1 e4 41.Rc7 Kf7 42.f4 exf3 43.Bxf3 Kg6
44.h4 h5 45.Bd5 Ne5 46.b4  1-0

[Event "2nd Salento Open"]
[Site "Gallipoli ITA"]
[Date "2013.05.27"]
[Round "4"]
[White "Valsecchi,A"]
[Black "Sachdev,T"]
[Result "1/2-1/2"]
[WhiteElo "2429"]
[BlackElo "2408"]

1.Nf3 d5 2.c4 e6 3.g3 Nf6 4.Bg2 dxc4 5.Qa4+ c6 6.Qxc4 b5 7.Qc2 Bb7 8.d4 Nbd7
9.O-O a6 10.Rd1 c5 11.dxc5 Bxc5 12.Ne5 Qc7 13.Be3 Bxg2 14.Nxd7 Nxd7 15.b4 Bd6
16.Qxc7 Bxc7 17.Kxg2 Be5 18.Bd4 Ke7 19.a4 Rhc8 20.axb5 axb5 21.Rxa8 Rxa8
22.Nc3 Rb8 23.Ne4 Bxd4 24.Rxd4 Ne5 25.Rd2 Nc6 26.Rc2 Nxb4 27.Rc7+ Kf8 28.Nd6 f5
29.Rc5 Na6 30.Rxb5 Rxb5 31.Nxb5  1/2-1/2

[Event "Hungarian National Open 2013"]
[Site "Zalakaros HUN"]
[Date "2013.05.28"]
[Round "7"]
[White "Juhasz,Kr"]
[Black "Jentsch,D"]
[Result "1-0"]
[WhiteElo "2345"]
[BlackElo "2173"]

1.Nf3 d5 2.c4 e6 3.g3 Nf6 4.Bg2 dxc4 5.Qa4+ Bd7 6.Qxc4 Nc6 7.d4 Bb4+ 8.Nc3 a6
9.O-O Bxc3 10.bxc3 O-O 11.Ba3 Re8 12.Rfd1 Ne7 13.Qb3 Bc6 14.c4 Rb8 15.Rac1 Be4
16.Ne5 Bxg2 17.Kxg2 Nf5 18.e3 Nd7 19.Nf3 Nd6 20.Qc2 Qf6 21.c5 Nb5 22.Bb2 Qg6
23.e4 c6 24.a4 Nc7 25.Nh4 Qh5 26.f4 b6 27.cxb6 Rxb6 28.Nf3 Reb8 29.Bc3 f5
30.Re1 Rb3 31.Nd2 R3b6 32.Nc4 Rb3 33.Ba5 Nd5 34.exd5 cxd5 35.Nd2 Rb2 36.Qc6 Nf6
37.Qxe6+ Kh8 38.Rc8+  1-0

[Event "6th Mayors Cup 2013"]
[Site "Mumbai IND"]
[Date "2013.05.29"]
[Round "1"]
[White "Papin,V"]
[Black "Natarajan,C"]
[Result "1-0"]
[WhiteElo "2552"]
[BlackElo "2214"]

1.Nf3 d5 2.c4 d4 3.b4 c5 4.e3 dxe3 5.fxe3 e6 6.d4 cxb4 7.Bd3 Nd7 8.O-O Bd6
9.Bb2 Qe7 10.c5 Bc7 11.d5 Qf8 12.dxe6 Nxc5 13.exf7+ Qxf7 14.Ng5 Qe7 15.Qh5+ g6
16.Bxg6+ hxg6 17.Qxg6+  1-0

[Event "French Top 12 2013"]
[Site "Haguenau FRA"]
[Date "2013.05.30"]
[Round "1.5"]
[White "Kosten,A"]
[Black "Nezar,M"]
[Result "1/2-1/2"]
[WhiteElo "2479"]
[BlackElo "2396"]

1.Nf3 d5 2.c4 c6 3.g3 Bg4 4.Bg2 e6 5.O-O Nf6 6.b3 Nbd7 7.Bb2 Bd6 8.d3 O-O
9.Nbd2 a5 10.h3 Bh5 11.Qc2 Qe7 12.e4 dxe4 13.dxe4 Bxf3 14.Nxf3 e5 15.Nh4 g6
16.Rad1 Bc5 17.Qd2 Rfd8 18.Kh2 Nh5 19.Qh6 Qf8 20.Qc1 Qe7 21.Bf3 Ng7 22.Qh6 Ne6
23.Bg4 Nd4 24.Nf3 Nxf3+ 25.Bxf3 Nf8 26.Kg2 f6 27.Bg4  1/2-1/2

[Event "Hungarian National Open 2013"]
[Site "Zalakaros HUN"]
[Date "2013.05.30"]
[Round "9"]
[White "Ianov,V"]
[Black "Meszaros,T"]
[Result "0-1"]
[WhiteElo "2327"]
[BlackElo "2415"]

1.Nf3 d5 2.c4 e6 3.g3 Nf6 4.Bg2 dxc4 5.Qa4+ c6 6.Qxc4 b5 7.Qb3 Bb7 8.O-O Nbd7
9.d4 a6 10.a4 Be7 11.Rd1 O-O 12.Bg5 h6 13.Bxf6 Bxf6 14.Nc3 Qb6 15.Ne4 Be7
16.Ne5 Rfd8 17.Nxd7 Rxd7 18.e3 Rc8 19.Rac1 Rcd8 20.Rf1 e5 21.dxe5 c5 22.axb5 axb5
23.Rfd1 c4 24.Qc2 Qe6 25.Rxd7 Rxd7 26.f4 Qb6 27.Re1 Rd3 28.Kf2 Qd8 29.Re2 Qa8  0-1

[Event "French Top 12 2013"]
[Site "Haguenau FRA"]
[Date "2013.05.31"]
[Round "2.5"]
[White "Terrieux,K"]
[Black "Saada,J"]
[Result "1/2-1/2"]
[WhiteElo "2427"]
[BlackElo "2323"]

1.Nf3 d5 2.c4 e6 3.g3 Nf6 4.Bg2 Be7 5.O-O O-O 6.d4 dxc4 7.Qc2 a6 8.a4 Bd7
9.Rd1 Bc6 10.Nc3 Bxf3 11.Bxf3 c6 12.a5 Nd5 13.Ne4 Nd7 14.Nd2 Qc7 15.Nxc4 b5
16.axb6 N7xb6 17.Na5 c5 18.Bf4 Qc8 19.Rac1 cxd4 20.Nc6 Bf6 21.Qb3 Qd7 22.Nxd4 Rfc8  1/2-1/2

[Event "35th Nezhmetdinov Cup"]
[Site "Kazan RUS"]
[Date "2013.06.01"]
[Round "2.44"]
[White "Ioffe,D"]
[Black "Fedotov,Alexey"]
[Result "0-1"]
[WhiteElo "2138"]
[BlackElo "1861"]

1.Nf3 d5 2.c4 c6 3.e3 Nf6 4.Nc3 e6 5.Qc2 Bd6 6.b3 O-O 7.Bb2 Nbd7 8.Be2 b6
9.Rc1 Bb7 10.O-O Rc8 11.cxd5 cxd5 12.Nd4 a6 13.f4 Ne4 14.Qd1 Qe7 15.Rc2 Ba3
16.Ba1 b5 17.Bf3 Rc5 18.Nce2 Rfc8 19.Rxc5 Qxc5 20.Qe1 Ndf6 21.d3 Bb4 22.Qh4 Nc3
23.Ng3 Nxa2 24.Ngf5 exf5 25.Nxf5 Bc3 26.Qg5 Qf8 27.h4 Rc7 28.h5 Bc8 29.Bxc3 Nxc3
30.Nd4 h6 31.Qg3 Qe7 32.Re1 b4 33.f5 Nb5 34.Nxb5 axb5 35.e4 dxe4 36.dxe4 Qc5+
37.Kh1 Nh7 38.Rd1 Qe7 39.Qf4 Ng5 40.e5 Nxf3 41.f6 Qxe5  0-1

[Event "6th Mayors Cup 2013"]
[Site "Mumbai IND"]
[Date "2013.06.01"]
[Round "5"]
[White "Kunte,A"]
[Black "Babu,NS"]
[Result "1-0"]
[WhiteElo "2507"]
[BlackElo "2257"]

1.Nf3 d5 2.c4 e6 3.g3 c5 4.cxd5 exd5 5.d4 Nc6 6.Bg2 Nf6 7.O-O Be7 8.Nc3 O-O
9.Bg5 c4 10.Ne5 Be6 11.b3 Qa5 12.Nxc6 bxc6 13.Qc2 Rad8 14.Rac1 c5 15.bxc4 dxc4
16.Bxf6 Bxf6 17.d5 Qxc3 18.Qxc3 Bxc3 19.dxe6 Bd4 20.e7  1-0

[Event "6th Mayors Cup 2013"]
[Site "Mumbai IND"]
[Date "2013.06.01"]
[Round "5"]
[White "Purushothaman,T"]
[Black "Gjergji,R"]
[Result "1-0"]
[WhiteElo "2293"]
[BlackElo "1938"]

1.Nf3 d5 2.c4 c6 3.d4 Bf5 4.Nc3 Nf6 5.cxd5 cxd5 6.Qb3 Qb6 7.Bf4 Qxb3 8.axb3 Nc6
9.e3 e6 10.Bb5 Bb4 11.Ne5 O-O 12.Bxc6 bxc6 13.Nxc6 Bxc3+ 14.bxc3 Bd3 15.f3 a6
16.Ne5 Bb5 17.c4 dxc4 18.bxc4 Be8 19.Bg5 a5 20.Kd2 Bb5 21.Bxf6 gxf6 22.Ng4 Kg7
23.e4 Bd7 24.Ne3  1-0

[Event "6th Mayors Cup 2013"]
[Site "Mumbai IND"]
[Date "2013.06.01"]
[Round "6"]
[White "Karthik,V4"]
[Black "Siddharth,R"]
[Result "0-1"]
[WhiteElo "2130"]
[BlackElo "2361"]

1.Nf3 d5 2.c4 c6 3.g3 g6 4.Bg2 Bg7 5.d4 Nf6 6.O-O O-O 7.Nc3 dxc4 8.e4 b5
9.e5 Nd5 10.a4 Nxc3 11.bxc3 Be6 12.Ng5 Bd5 13.Ne4 Nd7 14.h4 f6 15.f4 f5 16.Ng5 Nb6
17.a5 Na4 18.Qd2 h6 19.Nf3 h5 20.Ba3 Re8 21.Bb4 e6 22.Ne1 Rc8 23.Nc2 Bf8
24.Ne3 Bxg2 25.Kxg2 c5 26.Ba3  0-1

[Event "3rd Women Masters"]
[Site "Wuxi CHN"]
[Date "2013.06.01"]
[Round "2.2"]
[White "Ju Wenjun"]
[Black "Shen Yang"]
[Result "1-0"]
[WhiteElo "2544"]
[BlackElo "2397"]

1.Nf3 d5 2.c4 c6 3.Qc2 Nf6 4.e3 e6 5.d4 Nbd7 6.b3 Bd6 7.Bb2 Qe7 8.Nbd2 O-O
9.Ne5 c5 10.Bd3 b6 11.O-O Bb7 12.Nxd7 Qxd7 13.dxc5 bxc5 14.cxd5 exd5 15.Bxf6 gxf6
16.Qd1 Kg7 17.Qh5 Rh8 18.Nf3 h6 19.Nh4 Rag8 20.f4 Kf8 21.Rf2 Bc7 22.Rd1 Bb6
23.Bc4 d4 24.Kf1 Rh7 25.exd4 cxd4 26.Bd3 Rhh8 27.Re1 Qg4 28.Qxg4 Rxg4 29.g3 Rxh4
30.gxh4 Rg8 31.b4 Rg4 32.a4 Rxh4 33.Rc1 Rh3 34.Ke2 Ke7 35.a5 Bd8 36.Rc4 Kd6
37.Rxd4+ Ke7 38.Kd2 Bc7 39.Bf5  1-0

[Event "Grand Europe Open Albena"]
[Site "Albena BUL"]
[Date "2013.06.02"]
[Round "2.47"]
[White "Kukov,V"]
[Black "Rafailov,Radostin"]
[Result "1-0"]
[WhiteElo "2396"]
[BlackElo "1962"]

1.Nf3 d5 2.c4 e6 3.d4 Nf6 4.Nc3 Be7 5.Bg5 O-O 6.e3 Nbd7 7.cxd5 exd5 8.Bd3 Re8
9.O-O c6 10.Qc2 Nf8 11.Rab1 Ne4 12.Bxe7 Qxe7 13.Bxe4 dxe4 14.Nd2 Bf5 15.b4 a6
16.Ne2 Nd7 17.Rfc1 h5 18.a4 Rac8 19.Ng3 Bg6 20.Nc4 h4 21.Ne2 Bf5 22.Na5 Nf6
23.Qc5 Qd7 24.Nc4 Nd5 25.Qd6 Red8 26.Qxd7 Rxd7 27.Nc3 Rcd8 28.Nxd5 Rxd5 29.Nb6 R5d6
30.Rc5 Bg4 31.h3 Be2 32.Re1 Bd3 33.Rh5 Rh6 34.Rxh6 gxh6 35.Rc1 Kg7 36.Rc5 Kg6
37.Re5 Rb8 38.Nd7 Rd8 39.Re7 b5 40.a5 f6 41.Nc5  1-0

[Event "Grand Europe Open Albena"]
[Site "Albena BUL"]
[Date "2013.06.02"]
[Round "2.34"]
[White "Todorov,O"]
[Black "Sveshnikov,V"]
[Result "1/2-1/2"]
[WhiteElo "2285"]
[BlackElo "2411"]

1.Nf3 d5 2.c4 e6 3.g3 dxc4 4.Qa4+ Bd7 5.Qxc4 c5 6.Bg2 Nc6 7.O-O Nf6 8.d4 b5
9.Qd3 c4 10.Qc2 Rc8 11.a4 a6 12.axb5 axb5 13.Bg5 Be7 14.e3 O-O 15.Nc3 Nd5
16.Bxe7 Qxe7 17.Ne4 e5 18.dxe5 Nxe5 19.Ra7 Rc7 20.Rxc7 Nxf3+ 21.Bxf3 Nxc7
22.Nc3 Rd8 23.Rd1 Be6 24.Ne2 Rxd1+ 25.Qxd1 g6 26.Qd4 Qd7 27.Qe5 Bd5 28.Bxd5 Nxd5
29.Nd4 b4 30.e4 Nc7 31.Qc5 Ne6 32.Nxe6 Qxe6 33.Qxb4 Qxe4 34.h4  1/2-1/2